| 000 | 02215cam a2200361 a 4500 | ||
|---|---|---|---|
| 001 | 15461182 | ||
| 005 | 20090623100858.0 | ||
| 008 | 080923s2009 enk b 001 0 eng | ||
| 010 | _a 2008041684 | ||
| 015 |
_aGBA8C1271 _2bnb |
||
| 016 | 7 |
_a014782868 _2Uk |
|
| 020 | _a9780521842167 (hbk) | ||
| 035 | _a(OCoLC)ocn237884517 | ||
| 035 |
_a(OCoLC)237884517 _z(OCoLC)255423579 |
||
| 040 |
_aDLC _cDLC _dBTCTA _dBAKER _dYDXCP _dUKM _dBWKUK _dBWK _dBWX _dNLGGC _dDLC |
||
| 050 | 0 | 0 |
_aGE170 _b.O54 2009 |
| 082 | 0 | 0 |
_a363.70526 _222 _bONE |
| 100 | 1 |
_aO'Neill, Kate, _d1968- _99301 |
|
| 245 | 1 | 4 |
_aThe Environment and International Relations / _cKate O'Neill. |
| 260 |
_aCambridge, UK ; _aNew York : _bCambridge University Press, _c2009. |
||
| 300 |
_axiii, 250 p. ; _c24 cm. |
||
| 440 | 0 |
_aThemes in international relations _99302 |
|
| 504 | _aIncludes bibliographical references (p. 212-241) and index. | ||
| 505 | 0 | _aIntroduction : the environment and international relations -- International environmental problems -- Actors in international environmental politics -- State-led global environmental governance : international cooperation and regime formation -- The impacts and effectiveness of environmental treaty regimes -- Global economic governance and the environment -- Non-state global environmental governance -- Conclusions : the environment and international relations in the twenty-first century. | |
| 650 | 0 |
_aEnvironmental policy. _99303 |
|
| 650 | 0 |
_aInternational relations. _99304 |
|
| 856 | 4 | 2 |
_3Contributor biographical information _uhttp://www.loc.gov/catdir/enhancements/fy0901/2008041684-b.html |
| 856 | 4 | 2 |
_3Publisher description _uhttp://www.loc.gov/catdir/enhancements/fy0901/2008041684-d.html |
| 856 | 4 | 1 |
_3Table of contents only _uhttp://www.loc.gov/catdir/enhancements/fy0901/2008041684-t.html |
| 942 |
_2ddc _cBB |
||
| 999 |
_c12896 _d12896 |
||